Scritti giuridici

Сохранить в:
Библиографические подробности
Главный автор: Marrone, Matteo (autor)
Формат:
Язык:итальянский
Опубликовано: Madrid Marcial Pons 2015
Редактирование:1a. ed
Серии:Colección Premios Ursicino Alvarez, 6
Предметы:
Метки: Добавить метку
Нет меток, Требуется 1-ая метка записи!

MARC

LEADER 00000cam a2200000 a 4500
001 UCD0701
003 CL-VaPUC
008 151210e20150000sp |||||||||||||||||ita|d
020 |a 9788416402403 
082 0 4 |a 340.54  |b MAR  |2 21 
100 |a Marrone, Matteo  |e autor  |9 583689 
245 1 0 |a Scritti giuridici 
250 |a 1a. ed 
300 |a t 
942 |c BK 
945 |d 20151210 22:58:00  |a dcastane 
260 |a Madrid  |b Marcial Pons  |c 2015 
650 0 |a Derecho romano  |9 255930 
650 0 |a Filosofía del derecho   |9 255050 
583 |a last modification  |c 20151210 22:58:00  |k Rodrigo Vera 
490 0 |a Colección Premios Ursicino Alvarez, 6 
999 |c 362163  |d 362161 
952 |0 0  |1 0  |3 erb  |4 0  |6 340_540000000000000_MAR_2015  |7 0  |8 DER_ROM  |9 473090  |a BIBDER  |b BIBDER  |h t.3  |i 5256593  |o 340.54 MAR 2015  |p 5256593  |r 2023-01-25  |w 2019-11-24  |x Ubicación 4to piso  |y BK  |z Este recurso debe solicitarse con anticipación  |k DER